Normal view
MARC view
- Sultan Singh
Entry Personal Name
001 - CONTROL NUMBER
- control field: 112362
003 - CONTROL NUMBER IDENTIFIER
- control field: NUST
005 - DATE AND TIME OF LATEST TRANSACTION
- control field: 20230516112302.0
008 - FIXED-LENGTH DATA ELEMENTS
- fixed length control field: 230516|| aca||aabn | a|a d
040 ## - CATALOGING SOURCE
- Original cataloging agency: NUST
- Transcribing agency: NUST
100 ## - HEADING--PERSONAL NAME
- Personal name: Sultan Singh
670 ## - SOURCE DATA FOUND
- Source citation: Work cat.: (NUST)17224: Sultan Singh, Trends in Wheat Breeding, 2006.
